Popularne albumy rap/trap tygodnia 25-31.12 - Statystyki

Ogólne statystyki
  • Ten quiz został rozwiązany 22 razy
  • Średni wynik to 12 z 15
Statystyki odpowiedzi
Wykonawca Data wydania Album % Poprawnych
Mata 17 stycznia 2020 100 dni do matury
95%
Taco Hemingway 4 września 2020 Europa
95%
SB Maffija 8 czerwca 2020 Hotel Maffija
95%
Bedoes, Lanek 29 listopada 2019 Opowieści z Doliny Smoków
95%
Białas 5 sierpnia 2020 H8M5
91%
Taco Hemingway 28 sierpnia 2020 Jarmark
91%
Guzior 4 grudnia 2020 PLEŚŃ
86%
Quebonafide 1 kwietnia 2020 Romantic Psycho
86%
Kizo 23 października 2020 Posejdon
77%
White 2115 28 sierpnia 2020 Rockstar: Do zachodu słońca
77%
Kali, Major SPZ 11 grudnia 2020 HUCPA
73%
chillwagon 22 grudnia 2020 chillwagon 2.0
68%
Kabe 20 listopada 2020 Mowgli
68%
Kukon 25 grudnia 2020 Ogrody Mixtape 2
64%
Pezet 27 września 2019 Muzyka współczesna
55%
Nie znaleziono quizów pasujących do podanych kryteriów
Rozkład punktacji
Procent ludzi z każdym wynikiem
Percentyl według liczby udzielonych odpowiedzi
Twoja historia wyników
Nie rozwiązałeś tego quizu